| 000 | 00697nam a22002537a 4500 | ||
|---|---|---|---|
| 003 | OSt | ||
| 008 | 240522b2022 |||||||| |||| 00| 0 eng d | ||
| 020 | _a9789353437459 | ||
| 082 |
_a658.403 _bREN-Q |
||
| 100 | _aRender, Barry | ||
| 245 |
_aQuantitative analysis for management / _cBarry Render....[et al.] |
||
| 250 | _a13th | ||
| 260 |
_aChennai : _bPearson, _c2022. |
||
| 300 | _a628 p. ; | ||
| 650 | _aManagement - Statistical methods | ||
| 650 | _aManagement science | ||
| 650 | _aOperations research | ||
| 650 | _aStatistical decision | ||
| 700 | _aStar, Jr. Ralph M. | ||
| 700 | _aHanna, Michael E. | ||
| 700 | _aHale, Trevor S. | ||
| 700 | _aBadri, T. N. | ||
| 942 |
_2ddc _cBK |
||
| 999 |
_c20574 _d20574 |
||